|
|
|
|
| LEADER |
01136nam a2200205 u 4500 |
| 001 |
10094894 |
| 003 |
GR-PaULI |
| 005 |
20220127103751.0 |
| 008 |
111004s1994 gr gre |
| 952 |
|
|
|0 0
|1 0
|2 ddc
|4 0
|6 759_949000000000000_5_ΑΝΔ
|7 0
|9 355173
|a LISP
|b LISP
|c DON
|d 2022-01-27
|e ΠΑΤ
|i 254990
|l 0
|o 759.949 5 ΑΝΔ
|p 025000289851
|r 2022-01-27 00:00:00
|t 1
|w 2022-01-27
|y BKN
|
| 999 |
|
|
|c 208163
|d 208163
|
| 040 |
|
|
|a GR-PaULI
|c GR-PaULI
|b gre
|e AACR2
|
| 082 |
0 |
4 |
|a 759.949 5
|2 23
|
| 100 |
1 |
|
|a Ανδρουλιδάκη, Στέλλα,
|d 1939-
|9 189733
|e καλλιτέχνιδα.
|
| 245 |
1 |
0 |
|a Στέλλα Ανδρουλιδάκη =
|b Stella Androulidaki.
|c Σάμουελ Μπέκετ ; μετάφραση Αλεξάνδρας Παπαθανασοπούλου.
|
| 260 |
|
|
|a Αθήνα :
|b Καλλιτεχνικό Πνευματικό Κέντρο "Ώρα",
|c 1991.
|
| 300 |
|
|
|a [34] σ. ;
|c 26 εκ.
|
| 500 |
|
|
|a Έκθεση της Στέλλα Ανδρουλιδάκη στην ΑΘήνα, Καλλιτεχνικό Πνευματικό Κέντρο «Ώρα», 29 Οκτ.-15 Νοεμ. 1991.
|
| 942 |
|
|
|2 ddc
|c BKN
|
| 998 |
|
|
|c ΜΠΟΥΡΑΣ
|d 2022-01
|